000 00353nam a2200121 a 4500
001 000033396
005 20200930070229.0
008 110825s1932 dr 000 0 spa d
040 _aDO-SdBNP
_bspa
_cBNPHU
245 0 0 _aCartilla cívica para el pueblo dominicano.
260 _aSan José de las Matas :
_bListín Diario,
_c1932.
300 _a20 p. ;
_c19 cm.
999 _c32887
_d32887